<?xml version="1.0" encoding="UTF-8"?>
<record
    xmlns:xsi="http://www.w3.org/2001/XMLSchema-instance"
    xsi:schemaLocation="http://www.loc.gov/MARC21/slim http://www.loc.gov/standards/marcxml/schema/MARC21slim.xsd"
    xmlns="http://www.loc.gov/MARC21/slim">

  <leader>01812nam a22002777a 4500</leader>
  <controlfield tag="001">15443</controlfield>
  <controlfield tag="003">BD-RjUL</controlfield>
  <controlfield tag="005">20211208235822.0</controlfield>
  <controlfield tag="008">140210r20132000ii ||||| |||| 00| 0 ben d</controlfield>
  <datafield tag="020" ind1=" " ind2=" ">
    <subfield code="a">978818680692X</subfield>
    <subfield code="c">: IRs. 260.00</subfield>
  </datafield>
  <datafield tag="035" ind1=" " ind2=" ">
    <subfield code="a">(BD-RjUL)15497</subfield>
  </datafield>
  <datafield tag="040" ind1=" " ind2=" ">
    <subfield code="a">BD-RjUL</subfield>
    <subfield code="b">ben</subfield>
    <subfield code="c">BD-RjUL</subfield>
    <subfield code="d">BD-RjUL</subfield>
  </datafield>
  <datafield tag="041" ind1=" " ind2=" ">
    <subfield code="a">ben</subfield>
  </datafield>
  <datafield tag="082" ind1=" " ind2=" ">
    <subfield code="a">491.443</subfield>
    <subfield code="b">SAM 2013</subfield>
  </datafield>
  <datafield tag="245" ind1=" " ind2=" ">
    <subfield code="a">&#x9B8;&#x982;&#x9B8;&#x9A6; &#x9AC;&#x9BE;&#x982;&#x9B2;&#x9BE; &#x985;&#x9AD;&#x9BF;&#x9A7;&#x9BE;&#x9A8; /</subfield>
    <subfield code="c"> &#x9B6;&#x9C8;&#x9B2;&#x9C7;&#x9A8;&#x9CD;&#x9A6;&#x9CD;&#x9B0; &#x9AC;&#x9BF;&#x9B6;&#x9CD;&#x9AC;&#x9BE;&#x9B8; &#x995;&#x9B0;&#x9CD;&#x9A4;&#x9C3;&#x995; &#x9B8;&#x982;&#x995;&#x9B2;&#x9BF;&#x9A4;; &#x9B6;&#x9B6;&#x9BF;&#x9AD;&#x9C2;&#x9B7;&#x9A3;  &#x9A6;&#x9BE;&#x9B6;&#x997;&#x9C1;&#x9AA;&#x9CD;&#x9A4; &#x995;&#x9B0;&#x9CD;&#x9A4;&#x9C3;&#x995; &#x9A6;&#x9CD;&#x9AC;&#x9BF;&#x9A4;&#x9C0;&#x9AF;&#x9BC; &#x9B8;&#x982;&#x9B8;&#x9CD;&#x995;&#x9B0;&#x9A3; &#x9AA;&#x9B0;&#x9CD;&#x9AF;&#x9A8;&#x9CD;&#x9A4; &#x9B8;&#x982;&#x9B6;&#x9CB;&#x9A7;&#x9BF;&#x9A4; ; &#x9A6;&#x9C0;&#x9A8;&#x9C7;&#x9B6;&#x99A;&#x9A8;&#x9CD;&#x9A6;&#x9CD;&#x9B0; &#x9AD;&#x99F;&#x9CD;&#x9B0;&#x9BE;&#x99A;&#x9BE;&#x9B0;&#x9CD;&#x9AF; &#x995;&#x9B0;&#x9CD;&#x9A4;&#x9C3;&#x995; &#x9A4;&#x9C3;&#x9A4;&#x9C0;&#x9AF;&#x9BC; &#x993; &#x99A;&#x9A4;&#x9C1;&#x9B0;&#x9CD;&#x9A5; &#x9B8;&#x982;&#x9B8;&#x9CD;&#x995;&#x9B0;&#x9A3;  &#x9B8;&#x982;&#x9B6;&#x9CB;&#x9A7;&#x9BF;&#x9A4; &#x98F;&#x9AC;&#x982;  &#x9B8;&#x9C1;&#x9AD;&#x9BE;&#x9B8; &#x9AD;&#x99F;&#x9CD;&#x9B0;&#x9BE;&#x99A;&#x9BE;&#x9B0;&#x9CD;&#x9AF; &#x995;&#x9B0;&#x9CD;&#x9A4;&#x9C3;&#x995; &#x9AA;&#x99E;&#x9CD;&#x99A;&#x9AE; &#x9B8;&#x982;&#x9B8;&#x9CD;&#x995;&#x9B0;&#x9A3;  &#x9B8;&#x982;&#x9B6;&#x9CB;&#x9A7;&#x9BF;&#x9A4; &#x993; &#x9AA;&#x9B0;&#x9BF;&#x9AC;&#x9B0;&#x9CD;&#x9A7;&#x9BF;&#x9A4; </subfield>
  </datafield>
  <datafield tag="250" ind1=" " ind2=" ">
    <subfield code="a">&#x9EB;&#x9AE; &#x9B8;&#x982;. , &#x9A8;&#x9A4;&#x9C1;&#x9A8; &#x9B8;&#x982;.</subfield>
  </datafield>
  <datafield tag="260" ind1=" " ind2=" ">
    <subfield code="a">&#x995;&#x9B2;&#x995;&#x9BE;&#x9A4;&#x9BE; :</subfield>
    <subfield code="b">&#x9B6;&#x9BF;&#x9B6;&#x9C1; &#x9B8;&#x9BE;&#x9B9;&#x9BF;&#x9A4;&#x9CD;&#x9AF; &#x9B8;&#x982;&#x9B8;&#x9A6; &#x9AA;&#x9CD;&#x9B0;&#x9BE; &#x9B2;&#x9BF;.</subfield>
    <subfield code="c">&#x9E8;&#x9E6;&#x9E6;&#x9E6; [&#x9AE;&#x9C1;&#x9A6;&#x9CD;&#x9B0;&#x9A3; &#x9E8;&#x9E6;&#x9E7;&#x9E9;]</subfield>
  </datafield>
  <datafield tag="300" ind1=" " ind2=" ">
    <subfield code="a">[&#x9E8;&#x9EA;], &#x9EF;&#x9EA;&#x9ED; &#x9AA;&#x9C3;: ;</subfield>
    <subfield code="c">&#x9E8;&#x9E8; &#x9B8;&#x9C7;&#x9AE;&#x9BF;.</subfield>
  </datafield>
  <datafield tag="650" ind1=" " ind2=" ">
    <subfield code="a">&#x9AC;&#x9BE;&#x982;&#x9B2;&#x9BE; &#x9AD;&#x9BE;&#x9B7;&#x9BE;</subfield>
    <subfield code="9">47967</subfield>
    <subfield code="v">&#x985;&#x9AD;&#x9BF;&#x9A7;&#x9BE;&#x9A8;</subfield>
  </datafield>
  <datafield tag="650" ind1=" " ind2=" ">
    <subfield code="a">Bengali Language</subfield>
    <subfield code="v">Dictionaries</subfield>
    <subfield code="9">173986</subfield>
  </datafield>
  <datafield tag="700" ind1=" " ind2=" ">
    <subfield code="a">&#x9AC;&#x9BF;&#x9B6;&#x9CD;&#x9AC;&#x9BE;&#x9B8;,  &#x9B6;&#x9C8;&#x9B2;&#x9C7;&#x9A8;&#x9CD;&#x9A6;&#x9CD;&#x9B0;, &#x9B8;&#x982;&#x995;&#x9B2;&#x995;  </subfield>
    <subfield code="9">47968</subfield>
  </datafield>
  <datafield tag="700" ind1=" " ind2=" ">
    <subfield code="a">&#x9A6;&#x9BE;&#x9B6;&#x997;&#x9C1;&#x9AA;&#x9CD;&#x9A4;, &#x9B6;&#x9B6;&#x9BF;&#x9AD;&#x9C2;&#x9B7;&#x9A3; , &#x9B8;&#x982;&#x9B6;&#x9CB;.</subfield>
    <subfield code="9">47969</subfield>
  </datafield>
  <datafield tag="700" ind1=" " ind2=" ">
    <subfield code="a">&#x9AD;&#x99F;&#x9CD;&#x9B0;&#x9BE;&#x99A;&#x9BE;&#x9B0;&#x9CD;&#x9AF;, &#x9A6;&#x9C0;&#x9A8;&#x9C7;&#x9B6;&#x99A;&#x9A8;&#x9CD;&#x9A6;&#x9CD;&#x9B0;, &#x9B8;&#x982;&#x9B6;&#x9CB;. </subfield>
    <subfield code="9">47970</subfield>
  </datafield>
  <datafield tag="700" ind1=" " ind2=" ">
    <subfield code="a">&#x9AD;&#x99F;&#x9CD;&#x9B0;&#x9BE;&#x99A;&#x9BE;&#x9B0;&#x9CD;&#x9AF;, &#x9B8;&#x9C1;&#x9AD;&#x9BE;&#x9B8;, &#x9B8;&#x982;&#x9B6;&#x9CB;.</subfield>
    <subfield code="9">47971</subfield>
  </datafield>
  <datafield tag="942" ind1=" " ind2=" ">
    <subfield code="2">ddc</subfield>
    <subfield code="c">REF</subfield>
  </datafield>
  <datafield tag="999" ind1=" " ind2=" ">
    <subfield code="c">15443</subfield>
    <subfield code="d">15443</subfield>
  </datafield>
  <datafield tag="952" ind1=" " ind2=" ">
    <subfield code="0">0</subfield>
    <subfield code="1">0</subfield>
    <subfield code="2">ddc</subfield>
    <subfield code="4">0</subfield>
    <subfield code="7">1</subfield>
    <subfield code="8">REF</subfield>
    <subfield code="a">RUCL</subfield>
    <subfield code="b">RUCL</subfield>
    <subfield code="c">Reference</subfield>
    <subfield code="d">2014-02-03</subfield>
    <subfield code="e">Dhaka, Prothama prokashan</subfield>
    <subfield code="g">520.00</subfield>
    <subfield code="l">0</subfield>
    <subfield code="o">BR 491.443 SAM 2013</subfield>
    <subfield code="r">2014-02-10 00:00:00</subfield>
    <subfield code="t">C-1</subfield>
    <subfield code="w">2021-12-08</subfield>
    <subfield code="y">REF</subfield>
  </datafield>
</record>
